Welcome to the Holygrace Academy Library

Please use search bar below to get started

TOP 10OF EVERYTHING 2011 (Record no. 1899)

MARC details
000 -LEADER
fixed length control field 00309nam a22001337a 4500
020 ## - INTERNATIONAL STANDARD BOOK NUMBER
ISBN 978-0-800-62338-0
082 ## - DEWEY DECIMAL CLASSIFICATION NUMBER
Classification number 001
Item number ASH/T
100 ## - MAIN ENTRY--AUTHOR NAME
Personal name ASH, RUSSELL
245 ## - TITLE STATEMENT
Title TOP 10OF EVERYTHING 2011
260 ## - PUBLICATION, DISTRIBUTION, ETC. (IMPRINT)
Place of publication UNITED KINGDOM
Name of publisher HAMLYN
Year of publication 2010
300 ## - PHYSICAL DESCRIPTION
Number of Pages 247
650 ## - SUBJECT ADDED ENTRY--TOPICAL TERM
Topical Term GENERAL KNOWLEDGE
Geographic subdivision INDIA
942 ## - ADDED ENTRY ELEMENTS (KOHA)
Koha item type Books
Holdings
Withdrawn status Lost status Collection code Home library Current library Shelving location Date acquired Source of acquisition Cost, normal purchase price Full call number Accession Number Koha item type
    Reference Main Library Main Library SHELF 1-C ENCYCLOPEDIAS ,G K REFERENCE 16/05/2012 purchase 1395.00 001 ASH/T 06111 Books